Vista normal Vista MARC

Entrada Personal Name

Número de registros utilizados en: 2

001 - CONTROL NUMBER

  • control field: 63749

003 - CONTROL NUMBER IDENTIFIER

  • control field: OSt

005 - DATE AND TIME OF LATEST TRANSACTION

  • control field: 20250827155454.0

008 - FIXED-LENGTH DATA ELEMENTS

  • fixed length control field: 250827|| aca||aabn | a|a d

040 ## - CATALOGING SOURCE

  • Original cataloging agency: OSt
  • Transcribing agency: OSt

100 ## - HEADING--PERSONAL NAME

  • Personal name: Posada, María Candelaría

670 ## - SOURCE DATA FOUND

  • Source citation: Work cat.: (OSt)58652: Willems, Mo, 1968- aut 63746, Hoy voy a volar! /









Instituto Departamental de Cultura del Meta - Red Departamental de Bibliotecas Públicas del Meta.